• 首页
  • 本馆介绍
  • 公告通知
  • 最新文献
  • 馆藏检索
  • 电子资源
  • 读者导购
  • 参考咨询
  • 我的图书馆
  • 登录
  • 详细信息显示
  • 放入我的书架
  • 预约/预借图书
  • 作者相关作品
  • 分类相关作品
  • 丛书相关作品
  • 出版社相关作品

书目信息

  • 表格格式
  • 工作单格式
  • 卡片格式
题名:
元代社会生活史
    
 
作者: 史卫民 著
分册:  
出版信息: 北京   中国社会科学出版社  1996
页数: 339页
开本: 24cm
丛书名: 中国古代社会生活史书系
单 册:
中图分类: K247.07
科图分类:
主题词: 社会生活--历史--研究--中国--元代
电子资源:
ISBN: 7-5004-1809-4
000 00913nam0 2200241 450
001 TS2006042148
005 20070108143143.48
010    @a7-5004-1809-4@dCNY45.00
100    @a20060829e20051996em y0chiy0110 ea
101 0  @achi
102    @aCN@b110000
105    @aa z 000yy
200 1  @a元代社会生活史@AYuan Dai She Hui Sheng Huo Shi@f史卫民著@FShi Wei Min Zhu
210    @a北京@c中国社会科学出版社@d1996@h2005重印
215    @a339页@c图@d24cm
225 2  @a中国古代社会生活史书系
330    @a本书介绍了元代的行政区划与生态环境、人口分布与身份职业、民族分布与文化交流、婚姻与家庭、服饰、饮食、皇室住房与御用品、居民的居住条件、民间主要生活用具、交通与通信、丧葬习俗、礼节等。
410  0 @12001 @a中国古代社会生活史书系
606 0  @a社会生活@x历史@x研究@y中国@z元代
690    @aK247.07@v4
701  0 @a史卫民@AShi Wei Min@f(1952~)@4著
801  0 @aCN@b中图数据@c20070108
905    @a10447@dK247.07@e29
    
    元代社会生活史/史卫民著.-北京:中国社会科学出版社,1996(2005重印)
    339页:图;24cm.-(中国古代社会生活史书系)
    
    
    ISBN 7-5004-1809-4:CNY45.00
    本书介绍了元代的行政区划与生态环境、人口分布与身份职业、民族分布与文化交流、婚姻与家庭、服饰、饮食、皇室住房与御用品、居民的居住条件、民间主要生活用具、交通与通信、丧葬习俗、礼节等。
●
相关链接 在E读中查询图书 在五车中查询图书 在当当中查询图书 在豆瓣中查询图书


正题名:元代社会生活史     索取号:K247.07/29         预约/预借

序号 登录号 条形码 馆藏地/架位号 状态 备注
1 0607973   206079731   第二样本阅览室/ [索取号:K247.07/29] 在馆    
2 0607974   206079740   第二借阅区/ [索取号:K247.07/29] 在馆    
3 0607975   206079759   第二借阅区/ [索取号:K247.07/29] 在馆    
4 0607976   206079768   第二借阅区/ [索取号:K247.07/29] 在馆    
5 0607977   206079777   第二借阅区/ [索取号:K247.07/29] 在馆    
唐山师范学院图书馆 欢迎您!
大连网信软件有限公司© 版权所有